• 首页
  • 本馆介绍
  • 公告通知
  • 最新文献
  • 馆藏检索
  • 电子资源
  • 读者导购
  • 参考咨询
  • 我的图书馆
  • 登录
  • 详细信息显示
  • 放入我的书架
  • 预约/预借图书
  • 作者相关作品
  • 分类相关作品
  • 丛书相关作品
  • 出版社相关作品

书目信息

  • 表格格式
  • 工作单格式
  • 卡片格式
题名:
Python数据分析与实践
    
 
作者: 柳毅 主编
分册:  
出版信息: 北京   清华大学出版社  2019.06
页数: 327页
开本: 26cm
丛书名: 大数据与人工智能技术丛书
单 册:
中图分类: TP311.561 , TP312PY
科图分类:
主题词: 面向对象语言--mian xiang dui xiang yu yan--Python--软件工具--程序设计--高等学校--教材
电子资源:
ISBN: 978-7-302-51579-1
000 01857nam 2200301 450
001 0106081848
005 20201106082046.0
010    @a978-7-302-51579-1@dCNY59.00
100    @a20190921e20202019em y0chiy50 ea
101 0  @achi
102    @aCN@b110000
105    @aa z 000yy
106    @ar
200 1  @aPython数据分析与实践@APython shu ju fen xi yu shi jian@f柳毅主编
210    @a北京@c清华大学出版社@d2019.06@h2020.07
215    @a327页@c图@d26cm
225 2  @a大数据与人工智能技术丛书@Ada shu ju yu ren gong zhi neng ji shu cong shu
300    @a浙江省普通高校“十三五”新形态教材
314    @a柳毅,男,杭州电子科技大学管理学院副教授,硕士生导师,博士,毕业于上海理工大学管理学院管理科学与工程专业,浙江大学博士后,美国加州大学伯克利分校(EECS/UCB)访问学者。
330    @a本书共分12章,着重讲述Python语言和数据分析工具包的应用。第1章主要介绍Python的发展历史、特点、集成开发环境、内置模块、帮助的使用等内容;第2章主要介绍Python语言的基础知识;第3章主要介绍Python中的常用数据结构,包括序列、字典、集合等,以及函数的定义和调用等;第4章主要介绍Python中类、对象和方法的相关内容;第5章主要介绍Python进行数据分析常用的NumPy、Pandas、Matplotlib、SciPy和Scikit-learn等基础库内容;第6章主要介绍网络数据获取的HTML和XML两种网页组织形式,以及urllib和BeautifulSoup4两个模块内容;第7章主要介绍文件的操作;第8章主要介绍数据可视化,以及使用Python绘制图表的知识;第9章主要介绍利用Python进行数据库应用开发;第10、11章主要介绍Python机器学习的基本概念以及有监督、无监督学习算法的原理;第12章主要介绍Python在地理空间分析上的应用。
461  0 @12001 @a大数据与人工智能技术丛书
606 0  @a面向对象语言@Amian xiang dui xiang yu yan@xPython@x软件工具@x程序设计@x高等学校@j教材
610 0  @aPython@APython
690    @aTP311.561@v5
690    @aTP312PY@v5
701  0 @a柳毅@Aliu yi@4主编
801  0 @aCN@bBJSZM@c20201106
905    @b1193288-91@dTP311.561@e1534@f4
    
    Python数据分析与实践/柳毅主编.-北京:清华大学出版社,2019.06(2020.07)
    327页:图;26cm.-(大数据与人工智能技术丛书)
    浙江省普通高校“十三五”新形态教材
    
    ISBN 978-7-302-51579-1:CNY59.00
    本书共分12章,着重讲述Python语言和数据分析工具包的应用。第1章主要介绍Python的发展历史、特点、集成开发环境、内置模块、帮助的使用等内容;第2章主要介绍Python语言的基础知识;第3章主要介绍Python中的常用数据结构,包括序列、字典、集合等,以及函数的定义和调用等;第4章主要介绍Python中类、对象和方法的相关内容;第5章主要介绍Python进行数据分析常用的NumPy、Pandas、Matplotlib、SciPy和Scikit-learn等基础库内容;第6章主要介绍网络数据获取的HTML和XML两种网页组织形式,以及urllib和BeautifulSoup4两个模块内容;第7章主要介绍文件的操作;第8章主要介绍数据可视化,以及使用Python绘制图表的知识;第9章主要介绍利用Python进行数据库应用开发;第10、11章主要介绍Python机器学习的基本概念以及有监督、无监督学习算法的原理;第12章主要介绍Python在地理空间分析上的应用。
●
相关链接 在E读中查询图书 在五车中查询图书 在当当中查询图书 在豆瓣中查询图书


正题名:Python数据分析与实践     索取号:TP311.561/1534         预约/预借

序号 登录号 条形码 馆藏地/架位号 状态 备注
1 1193288   211932881   第二样本阅览室/ [索取号:TP311.561/1534] 在馆    
2 1193289   211932890   第三借阅区/ [索取号:TP311.561/1534] 在馆    
3 1193290   211932907   第三借阅区/ [索取号:TP311.561/1534] 在馆    
4 1193291   211932916   第三借阅区/ [索取号:TP311.561/1534] 在馆    
唐山师范学院图书馆 欢迎您!
大连网信软件有限公司© 版权所有